Library Banner

Biomedical instrumentation and measurements / (Record no. 93325)

MARC details
000 -LEADER
fixed length control field 00479nam a22001697a 4500
005 - DATE AND TIME OF LATEST TRANSACTION
control field 20170510110153.0
008 - FIXED-LENGTH DATA ELEMENTS--GENERAL INFORMATION
fixed length control field 170510b xxu||||| |||| 00| 0 eng d
020 ## - INTERNATIONAL STANDARD BOOK NUMBER
International Standard Book Number 9789332556911
040 ## - CATALOGING SOURCE
Transcribing agency PK-LaUMT
082 ## - DEWEY DECIMAL CLASSIFICATION NUMBER
Classification number 610.28
Item number CRO-B
100 ## - MAIN ENTRY--PERSONAL NAME
Personal name Cromwell, Leslie
245 ## - TITLE STATEMENT
Title Biomedical instrumentation and measurements /
Statement of responsibility, etc Leslie Cromwell, Fred J. Weibell and Erich A. Pfeiffer
250 ## - EDITION STATEMENT
Edition statement 2nd ed.
260 ## - PUBLICATION, DISTRIBUTION, ETC. (IMPRINT)
Place of publication, distribution, etc Noida :
Name of publisher, distributor, etc Pearson,
Date of publication, distribution, etc 2016
300 ## - PHYSICAL DESCRIPTION
Extent 510 p.
942 ## - ADDED ENTRY ELEMENTS (KOHA)
Koha item type Books
Holdings
Withdrawn status Lost status Damaged status Home library Current library Date acquired Full call number Barcode Date last seen Price effective from Koha item type
      UMT Main Campus UMT Main Campus 2017-05-10 610.28 CRO-B 108014 2017-05-10 2017-05-10 Books